Top Molasses Producing Countries - Decades Edition - Statistics

General Stats
  • This quiz has been taken 31 times
  • The average score is 11 of 17
Answer Stats
Hint Answer % Correct
6,820,700 China
93%
10,277,000 India
93%
15,793,601 United States
93%
14,413,000 Brazil
90%
7,572,357 Mexico
83%
3,871,000 France
77%
11,183,000 Indonesia
73%
12,700,380 Russia
73%
5,234,000 Germany
70%
14,796,000 Pakistan
70%
9,686,469 Australia
60%
12,856,000 Thailand
50%
8,565,547 Philippines
47%
4,056,000 South Africa
47%
13,848,200 Cuba
40%
4,044,700 Poland
27%
25,190,000 Soviet Union
23%
No matching quizzes found
Score Distribution
Percent of People with Each Score
Percentile by Number Answered
Your Score History
You have not taken this quiz